| 000 | 00723cab a2200205 4500 | ||
|---|---|---|---|
| 001 | ABS42978 | ||
| 008 | 090401t1990 xxu||||| |||| 00| 0 eng d | ||
| 035 | _a(Sirsi) u39780 | ||
| 041 | _aeng | ||
| 100 | _aAslet, C. | ||
| 245 | _aE.L.M.S. in the hedgerows | ||
| 260 | _c1990 | ||
| 350 | _a0 | ||
| 490 |
_aCountry Life _v184(26) 28 June 1990, 140(1) |
||
| 520 | _aExamines the CLA `s new initiative to promote Environmental Land Management Services ( ELMS ) whereby as well as farming , landowners can derive income by offering to service it for the public eg toll rides created in East Anglia. | ||
| 650 | _aWILDLIFE AND COUNTRYSIDE ACT 1981 S39 | ||
| 690 | _aRURAL PRACTICE | ||
| 942 | _n0 | ||
| 948 | _c04/03/1997 | ||
| 999 |
_c25468 _d25468 |
||